Diseño de Propuesta de Proceso de Reclutamiento, Selección y Contratación de Personal en el Banco Central de Nicaragua

Presenta un diseño de propuesta de proceso de reclutamiento, selección y contratación del personal para el Banco Central de Nicaragua (BCN). Plantea un diagnóstico de la situación actual basado en el análisis paso a paso de la lógica del proceso actual y las observaciones respectivas. Desc...

Full description

Bibliographic Details
Main Authors: Rodríguez Morales, Isaura, Gutiérrez Buchting, Ariel
Other Authors: Tutor: Zúñiga Morales, Gonzalo de Jesús
Format: Tesis Section = Libro
Language:Undetermined
Spanish
Published: Managua UNI 2007
Subjects:
LEADER 01607nam a2200277Ia 4500
008 240830s9999 xx 000 0 und d
040 |a BIBLIOTECA-RUSB/ T.Mon 658.311 R696 
041 |a spa 
082 |a T.Mon 658.311 R696 
100 1 |a Rodríguez Morales, Isaura 
100 1 |b Gutiérrez Buchting, Ariel 
245 1 0 |a Diseño de Propuesta de Proceso de Reclutamiento, Selección y Contratación de Personal en el Banco Central de Nicaragua 
260 |a Managua  |b UNI  |c 2007 
300 |a 131 p. :il. 
500 |a Contiene: anexos. 
502 |a Tesis (Máster en Dirección y Gestión de Empresas) - UNI, 2007. 
520 3 |a Presenta un diseño de propuesta de proceso de reclutamiento, selección y contratación del personal para el Banco Central de Nicaragua (BCN). Plantea un diagnóstico de la situación actual basado en el análisis paso a paso de la lógica del proceso actual y las observaciones respectivas. Describe la propuesta de mejoras del proceso, la cual consiste en la adopción del modelo de competencia y cambios en las diferentes etapas (flujograma) del proceso por áreas claves: posteo, promoción y/o traslado y selección. De igual manera se plantean nuevos formatos y/o mejora de los actuales. 
650 7 |a RECLUTAMIENTO Y SELECCIÓN DE PERSONAL - PROCESO BCN 
650 7 |b  DIAGNÓSTICO - RECLUTAMIENTO PERSONAL 
650 7 |c  NORMATIVA DE SELECCIÓN DE PERSONAL 
650 7 |d  PROMOCIÓN DE PERSONAL 
650 7 |e  CONTRATACIÓN 
700 1 |a Tutor:  |b Zúñiga Morales, Gonzalo de Jesús  
942 |c BK  |2 ddc 
991 |a TESIS 
999 |c 21907